English For Technical Communication (Record no. 354295)

MARC details
000 -LEADER
fixed length control field 00426nam a2200145Ia 4500
008 - FIXED-LENGTH DATA ELEMENTS--GENERAL INFORMATION
fixed length control field 230719s9999 xx 000 0 und d
041 ## - LANGUAGE CODE
Language code of text/sound track or separate title eng
082 ## - DEWEY DECIMAL CLASSIFICATION NUMBER
Classification number 428.3'4
Item number LAK
100 ## - MAIN ENTRY--PERSONAL NAME
Personal name Lakshminarayanan K.R.
9 (RLIN) 203804
245 ## - TITLE STATEMENT
Title English For Technical Communication
Remainder of title Volume 1 & 2 Combined Edition
260 ## - PUBLICATION, DISTRIBUTION, ETC. (IMPRINT)
Date of publication, distribution, etc. 2009
Name of publisher, distributor, etc. Scitech Publications
300 ## - PHYSICAL DESCRIPTION
Extent 159
365 ## - TRADE PRICE
Currency code Rs.
Price amount 105.00
700 ## - ADDED ENTRY--PERSONAL NAME
Personal name Lakshminarayanan K.R.
9 (RLIN) 203804
Holdings
Withdrawn status Lost status Damaged status Not for loan Home library Current library Shelving location Date acquired Vendor Cost, normal purchase price Full call number Barcode Date last seen Cost, replacement price Bill Date Koha item type Original Barcode
        Cummins College of Engineering for Women Pune Cummins College of Engineering for Women Pune Donated Book 09/10/2015 Masurkar Enterprises 105.00 428.3'4 CCEP-DB-500 19/07/2023 105.00 19/07/2023 Books D00500